00452nam a22000977a 4500008004100000010001300041245008900054260000900143500006700152500013500219110608t xxu||||| |||| 00| 0 eng d aSCCAF-13 aSupreme Court Civil No. 63 of 1995 Aziz Kalungi Kasujja Vs Nauni Tabakanya Nakakande c1995 aCORAM: Karokora, J,S.C., Mulenga, J.S.C. & Kanyeihamba, J.S.C. aAppeal from Judgment and decree of the High Court of Uganda Mr. Justice G.G. Okello in civil suit No. 625 of 1984 dated 19. 9 .94.